[Event "60th POL-ch"]
[Site "Warsaw POL"]
[Date "2003.05.01"]
[Round "10"]
[White "Cyborowski, Lukasz"]
[Black "Bartel, Mateusz"]
[Result "1-0"]
[WhiteElo "2543"]
[BlackElo "2443"]
[EventDate "2003.04.22"]
[PlyCount "93"]

1.d4 Nf6 2.c4 e6 3.g3 Bb4+ 4.Bd2 Qe7 5.Bg2 Nc6 6.e3 O-O 7.Ne2 Bxd2+ 8.Qxd2
Qb4 9.Qxb4 Nxb4 10.Kd2 d5 11.Kc3 a5 12.Nd2 dxc4 13.Nxc4 Nfd5+ 14.Kd2 b5 
15.Na3 Bd7 16.Rhc1 Rac8 17.Nc3 c6 18.Ne4 Rcd8 19.Ke2 f6 20.Nb1 e5 21.a3 
Na6 22.dxe5 fxe5 23.Nbd2 Be8 24.Nb3 a4 25.Na5 Nb8 26.Nb7 Rd7 27.Nbc5 Re7 
28.Ke1 Nd7 29.Nd6 N7b6 30.Nxe8 Rfxe8 31.Bf1 e4 32.Rc2 Rf8 33.Rd1 Nc8 34.
Bh3 Nd6 35.Ne6 Nc4 36.Nxf8 Kxf8 37.Bf1 Ndb6 38.Rd4 c5 39.Rd8+ Kf7 40.Bxc4+
Nxc4 41.Rb8 Rd7 42.Rxb5 Ne5 43.Ke2 Nf3 44.Rbxc5 Ng1+ 45.Kf1 Rd1+ 46.Kg2 
Nf3 47.Rf5+ 1-0

[Event "60th POL-ch"]
[Site "Warsaw POL"]
[Date "2003.05.01"]
[Round "10"]
[White "Macieja, Bartlomiej"]
[Black "Murdzia, Piotr"]
[Result "1/2-1/2"]
[WhiteElo "2634"]
[BlackElo "2452"]
[EventDate "2003.04.22"]
[PlyCount "155"]

1.e4 e5 2.Nf3 Nf6 3.Nxe5 d6 4.Nf3 Nxe4 5.d4 d5 6.Bd3 Nc6 7.O-O Be7 8.c4 
Nb4 9.Be2 O-O 10.Nc3 Bf5 11.a3 Nxc3 12.bxc3 Nc6 13.Re1 Na5 14.cxd5 Qxd5 
15.c4 Qd8 16.Bd2 c5 17.Qa4 b6 18.Bxa5 bxa5 19.Rad1 Qc7 20.d5 Bd6 21.h3 
Rfe8 22.Bd3 Rxe1+ 23.Nxe1 Bd7 24.Qc2 g6 25.Nf3 Re8 26.Qc3 Bf8 27.Rb1 Bg7 
28.Qd2 h6 29.Bc2 Bf8 30.h4 Rb8 31.Rxb8 Qxb8 32.Qxa5 Qf4 33.Bd3 Qc1+ 34.Bf1
Bg4 35.Qd2 Qa1 36.Qf4 Bxf3 37.Qxf3 Qe5 38.g3 h5 39.Qb3 Bd6 40.Qd3 Kg7 41.
Kg2 Qf6 42.f4 Qe7 43.Be2 Qf6 44.Bd1 Qe7 45.Kf2 Bc7 46.Bc2 Bd6 47.Kf3 Bc7 
48.Qc3+ Qf6 49.Qe3 Bd6 50.Ke2 Qe7 51.Qxe7 Bxe7 52.Kd3 Kf8 53.Kc3 Bd8 54.d6
Ba5+ 55.Kd3 f5 56.Ke2 Kf7 57.Ba4 Bc3 58.Bc6 Kf8 59.Bd5 Ba5 60.Kd1 Bc3 61.
Be6 Ba5 62.Bd5 Bc3 63.d7 Ba5 64.Ke2 Ke7 65.Bg8 Kf8 66.Bd5 Ke7 67.Kd1 Kf8 
68.Kc2 Ke7 69.Kb3 Kxd7 70.Bf7 Be1 71.Bxg6 Bxg3 72.Ka4 Kc7 73.Kb5 Bxf4 74.
Bxf5 Bg3 75.Ka6 Kb8 76.Kb5 Bxh4 77.Bg6 Bf2 78.Bxh5 1/2-1/2

[Event "60th POL-ch"]
[Site "Warsaw POL"]
[Date "2003.05.01"]
[Round "10"]
[White "Kempinski, Robert"]
[Black "Krasenkow, Michal"]
[Result "1/2-1/2"]
[WhiteElo "2553"]
[BlackElo "2609"]
[EventDate "2003.04.22"]
[PlyCount "102"]

1.d4 Nf6 2.c4 g6 3.g3 c6 4.Nf3 d5 5.b3 Bg7 6.Bg2 O-O 7.O-O Bf5 8.Bb2 a5 9.
Nc3 Ne4 10.cxd5 Nxc3 11.Bxc3 cxd5 12.Ne5 Nd7 13.Bxd5 Nxe5 14.dxe5 Rc8 15.
Rc1 Rc5 16.Bg2 Bxe5 17.Bxe5 Rxe5 18.e4 Be6 19.Qc2 Rb5 20.Rfd1 Qb6 21.Qc7 
Qxc7 22.Rxc7 Ra8 23.Bf1 Rb4 24.Rxe7 a4 25.Bc4 Bxc4 26.bxc4 Rxc4 27.Rdd7 
Rf8 28.Rxb7 Rc2 29.e5 Rxa2 30.e6 a3 31.Ra7 Ra1+ 32.Kg2 Ra2 33.Kf1 Rb2 34.
exf7+ Kg7 35.Rxa3 Rxf7 36.Rxf7+ Kxf7 37.Ra7+ Kg8 38.g4 Rb5 39.Kg2 h5 40.h3
hxg4 41.hxg4 g5 42.f3 Kf8 43.Kf2 Re5 44.Rd7 Kg8 45.Rd2 Kf7 46.Re2 Rxe2+ 
47.Kxe2 Ke6 48.Kd2 Kd6 49.Kc2 Ke5 50.Kd1 Kd5 51.Kd2 Kd6 1/2-1/2

[Event "60th POL-ch"]
[Site "Warsaw POL"]
[Date "2003.05.02"]
[Round "11"]
[White "Krasenkow, Michal"]
[Black "Jakubowski, Krzysztof"]
[Result "1-0"]
[WhiteElo "2609"]
[BlackElo "2483"]
[EventDate "2003.04.22"]
[PlyCount "95"]

1.Nf3 d5 2.d4 Nf6 3.c4 e6 4.Nc3 Nbd7 5.Bg5 Be7 6.e3 O-O 7.Rc1 c6 8.Bd3 
dxc4 9.Bxc4 b5 10.Bd3 Bb7 11.a3 a5 12.O-O h6 13.Bxf6 Nxf6 14.Ne5 Rc8 15.
Qf3 Rc7 16.Qg3 Bd6 17.f4 Qe7 18.Rfd1 Rfc8 19.Rc2 b4 20.axb4 axb4 21.Ne4 
Nxe4 22.Bxe4 c5 23.Bxb7 Rxb7 24.Nc4 cxd4 25.Rxd4 Bc5 26.Rd1 b3 27.Rcd2 Bb4
28.Rd4 Rbc7 29.Nb6 Re8 30.f5 Bc5 31.f6 Qxf6 32.Qxc7 Bxd4 33.exd4 Qg5 34.
Rf1 Qe3+ 35.Kh1 f6 36.Qd7 Rf8 37.Na4 Qe2 38.Rg1 Kh8 39.Qb7 Qc2 40.Nc5 Qxb2
41.Nxe6 Rg8 42.d5 Qa2 43.d6 b2 44.Nf4 Rd8 45.Nh5 Rg8 46.h3 Qa1 47.d7 Rd8 
48.Qe4 1-0

[Event "60th POL-ch"]
[Site "Warsaw POL"]
[Date "2003.05.02"]
[Round "11"]
[White "Murdzia, Piotr"]
[Black "Kempinski, Robert"]
[Result "1/2-1/2"]
[WhiteElo "2452"]
[BlackElo "2553"]
[EventDate "2003.04.22"]
[PlyCount "63"]

1.e4 c5 2.Nf3 d6 3.d4 cxd4 4.Nxd4 Nf6 5.Nc3 a6 6.Be2 e6 7.O-O Be7 8.f4 O-O
9.Be3 Nc6 10.Qe1 Nxd4 11.Bxd4 b5 12.a3 Bb7 13.Qg3 g6 14.Bd3 Nh5 15.Qe3 Qd7
16.Kh1 Rae8 17.Qh3 Bf6 18.Bxf6 Nxf6 19.e5 dxe5 20.fxe5 Nh5 21.Be4 Rc8 22.
Qf3 Bxe4 23.Nxe4 Qd5 24.g4 f5 25.exf6 Nxf6 26.Nxf6+ Rxf6 27.Qxd5 Rxf1+ 28.
Rxf1 exd5 29.Rf2 Rc4 30.h3 a5 31.Kg2 Kg7 32.Kg3 1/2-1/2

[Event "60th POL-ch"]
[Site "Warsaw POL"]
[Date "2003.05.02"]
[Round "11"]
[White "Bartel, Mateusz"]
[Black "Macieja, Bartlomiej"]
[Result "1-0"]
[WhiteElo "2443"]
[BlackElo "2634"]
[EventDate "2003.04.22"]
[PlyCount "89"]

1.d4 Nf6 2.c4 g6 3.Nf3 Bg7 4.g3 O-O 5.Bg2 c5 6.d5 b5 7.cxb5 d6 8.Nc3 a6 9.
bxa6 Bxa6 10.O-O Nbd7 11.Qc2 Qb6 12.h3 Rfb8 13.Rd1 Ne8 14.Nd2 Nc7 15.a4 
Qa5 16.Ra3 Rb4 17.Na2 Rb7 18.Re3 Kf8 19.b3 Nf6 20.Nb1 Rbb8 21.Na3 Qb6 22.
Kh2 Bc8 23.Nc4 Qb7 24.Qd2 Qa6 25.a5 Ra7 26.f4 Nb5 27.b4 Nd4 28.Nb6 Bf5 29.
Ra3 Qxe2 30.Qxe2 Nxe2 31.bxc5 Nxc1 32.Rxc1 dxc5 33.Rxc5 Nd7 34.Rc8+ Rxc8 
35.Nxc8 Rc7 36.Nb6 Ra7 37.Nb4 h5 38.Nc6 Rc7 39.Nxd7+ Bxd7 40.a6 Bxc6 41.
dxc6 Bd4 42.Rd3 Bc5 43.Rd8+ Kg7 44.Rd7 Rc8 45.c7 1-0

[Event "60th POL-ch"]
[Site "Warsaw POL"]
[Date "2003.05.02"]
[Round "11"]
[White "Socko, Bartosz"]
[Black "Miton, Kamil"]
[Result "1/2-1/2"]
[WhiteElo "2577"]
[BlackElo "2545"]
[EventDate "2003.04.22"]
[PlyCount "61"]

1.e4 c6 2.d4 d5 3.Nc3 dxe4 4.Nxe4 Nd7 5.Bd3 Ngf6 6.Ng5 e6 7.N1f3 Bd6 8.Qe2
h6 9.Ne4 Nxe4 10.Qxe4 Qc7 11.Bd2 b6 12.Qg4 g5 13.Qh3 Rg8 14.g4 Bb7 15.
O-O-O c5 16.Rhe1 O-O-O 17.Be4 Bxe4 18.Rxe4 Nf6 19.Ree1 cxd4 20.Nxd4 Bf4 
21.Nb3 Bxd2+ 22.Rxd2 Qf4 23.Qc3+ Kb7 24.f3 Rxd2 25.Nxd2 Rd8 26.Re2 Qd4 27.
Qxd4 Rxd4 28.c3 Rf4 29.Kc2 Nd5 30.a3 b5 31.b3 1/2-1/2

[Event "60th POL-ch"]
[Site "Warsaw POL"]
[Date "2003.05.02"]
[Round "11"]
[White "Staniszewski, Piotr"]
[Black "Urban, Klaudiusz"]
[Result "0-1"]
[WhiteElo "2446"]
[BlackElo "2451"]
[EventDate "2003.04.22"]
[PlyCount "96"]

1.e4 g6 2.d4 Bg7 3.Nc3 d6 4.Be3 a6 5.Qd2 b5 6.f3 Nd7 7.h4 h5 8.Nh3 Bb7 9.
Ng5 Ngf6 10.O-O-O e6 11.e5 Nd5 12.Nxd5 Bxd5 13.exd6 cxd6 14.Bf4 Qb6 15.Qb4
Rc8 16.Kb1 Rc6 17.Be3 Nf6 18.Bd3 Bc4 19.Qe1 d5 20.Rg1 b4 21.g4 a5 22.Bf4 
Bxd3 23.Rxd3 Nd7 24.Be3 Qc7 25.Qf2 Nf6 26.Bc1 Ke7 27.Re1 Rc8 28.Re2 Kf8 
29.Qg2 a4 30.Rde3 Qb6 31.Rd3 b3 32.c3 bxa2+ 33.Ka1 Rxc3 34.Rxc3 Rxc3 35.
Rc2 Rc4 36.Qd2 hxg4 37.fxg4 Nxg4 38.Qf4 Nf6 39.Rxc4 dxc4 40.Kxa2 Kg8 41.
Ka1 Qd8 42.Bd2 Bf8 43.d5 exd5 44.Bc3 Bg7 45.Ka2 Qe7 46.Qb8+ Ne8 47.Bb4 Qe5
48.Bd6 Qxb2+ 0-1

[Event "60th POL-ch"]
[Site "Warsaw POL"]
[Date "2003.05.03"]
[Round "12"]
[White "Jakubowski, Krzysztof"]
[Black "Urban, Klaudiusz"]
[Result "1/2-1/2"]
[WhiteElo "2483"]
[BlackElo "2451"]
[EventDate "2003.04.22"]
[PlyCount "174"]

1.Nf3 g6 2.e4 Bg7 3.d4 d6 4.c3 Nf6 5.Bd3 O-O 6.O-O c5 7.h3 Nfd7 8.d5 Na6 
9.Bf4 Nc7 10.a4 b6 11.Qc1 Ne5 12.Nxe5 dxe5 13.Be3 e6 14.c4 exd5 15.cxd5 
Ne8 16.a5 Rb8 17.axb6 axb6 18.Nd2 f5 19.f3 f4 20.Bf2 Qg5 21.h4 Qd8 22.b4 
cxb4 23.Ra7 g5 24.Qc4 Kh8 25.Qxb4 gxh4 26.Rc1 Rg8 27.Kf1 Qg5 28.Qe7 Qxe7 
29.Rxe7 h3 30.gxh3 Bxh3+ 31.Ke2 b5 32.Nb3 Bf6 33.Rf7 Rg7 34.Rf8+ Rg8 35.
Rf7 Rg7 36.Rf8+ Rg8 37.Rxg8+ Kxg8 38.Na5 Ra8 39.Be1 Bd7 40.Rc2 h5 41.Nc6 
Nd6 42.Bb4 Nc4 43.Bxc4 bxc4 44.Rxc4 Ra2+ 45.Bd2 h4 46.Rc1 h3 47.Kd3 Kf7 
48.Rh1 Bc8 49.Nb4 Ra3+ 50.Bc3 Be7 51.Nc6 Bd6 52.Kc2 Kf6 53.Kb2 Ra8 54.Na5 
Bc7 55.Nc4 Ba6 56.d6 Bxc4 57.dxc7 Be6 58.Bb4 Ra2+ 59.Kc3 Rf2 60.Bc5 Rxf3+ 
61.Kb4 Rb3+ 62.Ka5 Rb2 63.Bb4 Re2 64.Rc1 Bc8 65.Rc6+ Kg5 66.Be7+ Kg4 67.
Rg6+ Kf3 68.Rg8 Bd7 69.Rd8 Bg4 70.Kb6 h2 71.Rh8 Rc2 72.Bc5 Kxe4 73.Rh4 Bc8
74.Rh8 Rb2+ 75.Kc6 Bb7+ 76.Kd6 Rd2+ 77.Ke6 Rc2 78.Bd6 Rc6 79.Rxh2 Bc8+ 80.
Ke7 f3 81.Rb2 Kf5 82.Rb8 Ba6 83.Ra8 Bb7 84.Rb8 Ba6 85.Ra8 Bb7 86.Rb8 Ba6 
87.Ra8 Bb7 1/2-1/2

[Event "60th POL-ch"]
[Site "Warsaw POL"]
[Date "2003.05.03"]
[Round "12"]
[White "Grabarczyk, Miroslaw"]
[Black "Staniszewski, Piotr"]
[Result "1-0"]
[WhiteElo "2508"]
[BlackElo "2446"]
[EventDate "2003.04.22"]
[PlyCount "211"]

1.d4 Nf6 2.c4 e6 3.g3 c5 4.d5 exd5 5.cxd5 d6 6.Nc3 g6 7.Bg2 Bg7 8.Nf3 O-O 
9.O-O Re8 10.Bf4 a6 11.a4 Ne4 12.Nxe4 Rxe4 13.Ra2 Bg4 14.b3 Bxf3 15.Bxf3 
Re8 16.Qb1 Qc7 17.Rc1 Nd7 18.b4 c4 19.a5 b5 20.axb6 Nxb6 21.Bd2 Rec8 22.
Ra3 Nd7 23.Be1 Qb6 24.Bg4 f5 25.Bf3 Ne5 26.Bg2 Bh6 27.Rd1 Bg7 28.Qa2 Ra7 
29.Rc1 Rf8 30.Bd2 Ng4 31.e3 Ne5 32.Rb1 Rc8 33.b5 c3 34.Bxc3 Rxc3 35.Rxc3 
Nf3+ 36.Bxf3 Bxc3 37.Qc2 Be5 38.Qc6 Rb7 39.Be2 axb5 40.Qc8+ Kg7 41.Rxb5 
Rc7 42.Qe8 Qa7 43.Rb8 Kh6 44.Ra8 Qb7 45.Rb8 Qa7 46.Kg2 Rc2 47.Kf3 Qc5 48.
Qb5 Qc3 49.Qa4 f4 50.Qd7 Qc7 51.Qxc7 Rxc7 52.gxf4 Bf6 53.Rb6 Rd7 54.Bb5 
Rd8 55.Rb7 Bc3 56.Bd7 Rf8 57.h4 Rf7 58.Ke2 Bf6 59.h5 gxh5 60.Kf3 Kg7 61.
Bc8 Rxb7 62.Bxb7 Bc3 63.Bc6 Kf6 64.Be8 h4 65.Bd7 Be1 66.Ke2 Ba5 67.Kf3 Be1
68.Bh3 h6 69.Bc8 Kg7 70.Ke2 Ba5 71.Bh3 Kf6 72.Kd3 Be1 73.f3 Bg3 74.Kc4 Bf2
75.Kd4 Bg1 76.Ke4 Bf2 77.f5 Be1 78.Bg4 Bf2 79.Kd3 Bg1 80.Bh3 Bf2 81.Ke4 
Bg1 82.f4 Bf2 83.Kf3 Bg1 84.e4 Bc5 85.Kg4 Be3 86.Bf1 Bd2 87.Bg2 Be3 88.Bh3
Bd2 89.Kf3 Bb4 90.Ke2 Ba3 91.Kd2 Bb2 92.Kc2 Ba3 93.Bg4 Bb4 94.Kd3 Be1 95.
Kc4 Bd2 96.e5+ dxe5 97.d6 Ba5 98.fxe5+ Kxe5 99.Kc5 Bd8 100.Bh3 Kf4 101.Kd5
Kg3 102.Bf1 Kg4 103.Ke6 Kg5 104.Bh3 h5 105.d7 Bf6 106.Kf7 1-0

[Event "60th POL-ch"]
[Site "Warsaw POL"]
[Date "2003.05.03"]
[Round "12"]
[White "Miton, Kamil"]
[Black "Jaracz, Pawel"]
[Result "1/2-1/2"]
[WhiteElo "2545"]
[BlackElo "2549"]
[EventDate "2003.04.22"]
[PlyCount "48"]

1.d4 Nf6 2.c4 e6 3.Nc3 Bb4 4.f3 d5 5.a3 Bxc3+ 6.bxc3 c5 7.cxd5 Nxd5 8.dxc5
Qa5 9.e4 Nf6 10.Be3 O-O 11.Ne2 Nc6 12.Qb3 Nd7 13.a4 Nxc5 14.Qb5 Nd7 15.
Qxa5 Nxa5 16.Nd4 b6 17.Nb5 Bb7 18.Rd1 Bc6 19.Kf2 Rfc8 20.Nd6 Rc7 21.Bb5 
Ne5 22.Rd4 Bxb5 23.Nxb5 Rcc8 24.Bf4 Nac6 1/2-1/2

[Event "60th POL-ch"]
[Site "Warsaw POL"]
[Date "2003.05.03"]
[Round "12"]
[White "Macieja, Bartlomiej"]
[Black "Markowski, Tomasz"]
[Result "1/2-1/2"]
[WhiteElo "2634"]
[BlackElo "2587"]
[EventDate "2003.04.22"]
[PlyCount "42"]

1.e4 c5 2.Nf3 e6 3.d3 Nc6 4.g3 g6 5.Bg5 Qb6 6.Nbd2 d5 7.Bg2 Bg7 8.O-O h6 
9.exd5 exd5 10.Re1+ Nge7 11.Bxe7 Nxe7 12.c4 Qd8 13.Qa4+ Bd7 14.Qa3 O-O 15.
Qxc5 Be6 16.cxd5 Nxd5 17.d4 Re8 18.Ne5 Bf8 19.Qb5 Nb4 20.Qxb7 Qxd4 21.Ndf3
Qd5 1/2-1/2

[Event "60th POL-ch"]
[Site "Warsaw POL"]
[Date "2003.05.03"]
[Round "12"]
[White "Kempinski, Robert"]
[Black "Bartel, Mateusz"]
[Result "0-1"]
[WhiteElo "2553"]
[BlackElo "2443"]
[EventDate "2003.04.22"]
[PlyCount "86"]

1.c4 e5 2.d3 Nc6 3.a3 g6 4.b4 Bg7 5.Bb2 d6 6.e3 Nf6 7.Nf3 O-O 8.Be2 a5 9.
b5 Ne7 10.O-O h6 11.Nc3 g5 12.d4 g4 13.dxe5 gxf3 14.exf6 fxg2 15.fxg7 
gxf1=Q+ 16.Qxf1 Re8 17.Bf3 Ng6 18.Bg2 Nh4 19.Nd5 Re6 20.Nf4 Re5 21.Kh1 
Nxg2 22.Qxg2 Rg5 23.Qe4 c6 24.f3 Bf5 25.Qd4 Qe7 26.Rd1 Re8 27.e4 Bh7 28.a4
Qe5 29.Nd3 Qxd4 30.Bxd4 Rxe4 31.Bf6 Re6 32.Bxg5 hxg5 33.Nf2 Kxg7 34.Rd2 
Kf6 35.Kg2 Ke7 36.f4 gxf4 37.Kf3 Re3+ 38.Kxf4 Rc3 39.Re2+ Kf8 40.Ng4 Rxc4+
41.Kg5 Kg7 42.bxc6 bxc6 43.Rd2 f6+ 0-1

[Event "60th POL-ch"]
[Site "Warsaw POL"]
[Date "2003.05.03"]
[Round "12"]
[White "Krasenkow, Michal"]
[Black "Murdzia, Piotr"]
[Result "1-0"]
[WhiteElo "2609"]
[BlackElo "2452"]
[EventDate "2003.04.22"]
[PlyCount "73"]

1.d4 d5 2.c4 dxc4 3.Nf3 Nf6 4.Qa4+ c6 5.Qxc4 Bf5 6.g3 e6 7.Bg2 Be7 8.O-O 
O-O 9.Nbd2 h6 10.Qb3 Qb6 11.Nc4 Qa6 12.Nfe5 Nbd7 13.Nxd7 Nxd7 14.Bf4 Nb6 
15.Rfc1 Nxc4 16.Rxc4 Qb6 17.e4 Bg6 18.d5 exd5 19.exd5 cxd5 20.Bxd5 Rac8 
21.Be3 Qxb3 22.axb3 a6 23.Rxc8 Rxc8 24.Bxb7 Rb8 25.Bd5 Bc2 26.Rxa6 Bxb3 
27.Bxb3 Rxb3 28.Rb6 Rd3 29.Rb8+ Kh7 30.b4 Bg5 31.Bc5 Rb3 32.Rb7 Kg6 33.b5 
Bd8 34.b6 Rb5 35.Be3 Rb3 36.Rd7 Bg5 37.Bc5 1-0

[Event "60th POL-ch"]
[Site "Warsaw POL"]
[Date "2003.05.04"]
[Round "13"]
[White "Murdzia, Piotr"]
[Black "Jakubowski, Krzysztof"]
[Result "0-1"]
[WhiteElo "2452"]
[BlackElo "2483"]
[EventDate "2003.04.22"]
[PlyCount "66"]

1.e4 c5 2.Nf3 d6 3.d4 cxd4 4.Nxd4 Nf6 5.Nc3 a6 6.Be2 e6 7.O-O Be7 8.f4 Nc6
9.Be3 Bd7 10.Kh1 b5 11.a3 O-O 12.Qe1 Rc8 13.Qg3 Na5 14.e5 Ne8 15.Ne4 Nc4 
16.Bxc4 Rxc4 17.Rad1 Qa8 18.exd6 Bxd6 19.Ng5 Bc8 20.c3 Bb7 21.Qh3 h6 22.
Ngf3 Rc7 23.f5 e5 24.Ne2 Bc5 25.Bc1 Nf6 26.b4 Be7 27.Nxe5 Re8 28.Nf4 Ne4 
29.c4 Bg5 30.Nf3 Rxc4 31.Nxg5 hxg5 32.Ne2 Rc2 33.Rde1 Nc3 0-1

[Event "60th POL-ch"]
[Site "Warsaw POL"]
[Date "2003.05.04"]
[Round "13"]
[White "Socko, Bartosz"]
[Black "Macieja, Bartlomiej"]
[Result "1/2-1/2"]
[WhiteElo "2577"]
[BlackElo "2634"]
[EventDate "2003.04.22"]
[PlyCount "76"]

1.e4 c5 2.Nf3 e6 3.c3 Nf6 4.d3 Nc6 5.Nbd2 d5 6.Be2 Bd6 7.O-O O-O 8.Re1 d4 
9.Nc4 e5 10.Nxd6 Qxd6 11.Bf1 Bd7 12.c4 Ne7 13.g3 b5 14.cxb5 Bxb5 15.Nh4 
Nd7 16.f4 Rac8 17.Bh3 Rcd8 18.Nf3 exf4 19.Bxf4 Qb6 20.Qb3 Ng6 21.a4 Nxf4 
22.gxf4 Qh6 23.Ng5 Ba6 24.e5 c4 25.dxc4 Nc5 26.Qg3 Ne6 27.Bxe6 fxe6 28.b3 
Bb7 29.Rad1 Qg6 30.Rd2 h6 31.Nh3 Qf5 32.Red1 d3 33.Rxd3 Rxd3 34.Rxd3 Qe4 
35.Rd7 Rf7 36.Rd8+ Rf8 37.Rd7 Rf7 38.Rd8+ Rf8 1/2-1/2

[Event "60th POL-ch"]
[Site "Warsaw POL"]
[Date "2003.05.04"]
[Round "13"]
[White "Jaracz, Pawel"]
[Black "Cyborowski, Lukasz"]
[Result "1/2-1/2"]
[WhiteElo "2549"]
[BlackElo "2543"]
[EventDate "2003.04.22"]
[PlyCount "105"]

1.e4 d5 2.exd5 Nf6 3.Nf3 Nxd5 4.d4 g6 5.Bc4 Bg7 6.h3 O-O 7.O-O c6 8.Qe2 
Nd7 9.Bg5 N7f6 10.Bb3 h6 11.Bd2 Nh5 12.Re1 Be6 13.c4 Ndf4 14.Qe3 b5 15.Na3
bxc4 16.Nxc4 Nd5 17.Qe2 Nhf4 18.Bxf4 Nxf4 19.Qe4 g5 20.Nce5 Bd5 21.Bxd5 
cxd5 22.Qe3 Qd6 23.g3 Nxh3+ 24.Kg2 Qe6 25.Rh1 f6 26.Ng6 Qxe3 27.fxe3 Rfe8 
28.Kxh3 Kf7 29.Nf4 gxf4 30.exf4 Reb8 31.Rh2 Rc8 32.Re1 Rab8 33.Rhe2 Bf8 
34.Nh4 Rb6 35.f5 Rc4 36.Ng6 Rxd4 37.Nxf8 Kxf8 38.Rxe7 Re4 39.R1xe4 dxe4 
40.Rxe4 Rxb2 41.Ra4 Rf2 42.Rxa7 Rxf5 43.Kg4 Rc5 44.a4 h5+ 45.Kf4 Rc4+ 46.
Kf5 Rc3 47.a5 Rxg3 48.a6 Ra3 49.Kxf6 Ke8 50.Re7+ Kd8 51.a7 Ra6+ 52.Kf7 Kc8
53.Ke8 1/2-1/2

[Event "60th POL-ch"]
[Site "Warsaw POL"]
[Date "2003.05.04"]
[Round "13"]
[White "Urban, Klaudiusz"]
[Black "Grabarczyk, Miroslaw"]
[Result "1-0"]
[WhiteElo "2451"]
[BlackElo "2508"]
[EventDate "2003.04.22"]
[PlyCount "103"]

1.Nf3 d5 2.c4 d4 3.g3 g6 4.Bg2 Bg7 5.d3 Nf6 6.b4 a5 7.Bb2 axb4 8.Bxd4 O-O 
9.O-O Nc6 10.Bb2 Nd7 11.Bxg7 Kxg7 12.a3 e5 13.Qc1 Nc5 14.Nbd2 bxa3 15.Rxa3
Rxa3 16.Qxa3 b6 17.Nb3 Nxb3 18.Qxb3 Nd4 19.Nxd4 exd4 20.Qb2 Qf6 21.Rc1 Re8
22.c5 Bg4 23.Rc2 h5 24.h3 Bd7 25.h4 Bg4 26.Be4 Bf5 27.cxb6 cxb6 28.Rc6 Qd8
29.Bxf5 gxf5 30.e3 Re6 31.Rc4 Rd6 32.exd4 Qf6 33.Qe2 Kg6 34.Qe5 Re6 35.Qf4
Rd6 36.Qe5 Re6 37.Qc7 Kg7 38.Qf4 Kg6 39.d5 Rd6 40.Rc6 Rxc6 41.dxc6 Qxc6 
42.Qg5+ Kh7 43.Qxh5+ Kg8 44.Qg5+ Kh8 45.Qxf5 Kg7 46.Qg5+ Kh7 47.d4 Qe4 48.
Qh5+ Kg8 49.Qg5+ Kh7 50.Qf6 Qb1+ 51.Kh2 Qg6 52.Qxg6+ 1-0